Farm adventure / (Record no. 5443)

MARC details
000 -LEADER
fixed length control field 00817nam a22002417a 4500
001 - CONTROL NUMBER
control field 5443
003 - CONTROL NUMBER IDENTIFIER
control field FISKH
005 - DATE AND TIME OF LATEST TRANSACTION
control field 20241206144745.0
008 - FIXED-LENGTH DATA ELEMENTS--GENERAL INFORMATION
fixed length control field 241206b cb ||||| |||| 00| 0 eng d
020 ## - INTERNATIONAL STANDARD BOOK NUMBER
International Standard Book Number 9787511037404
040 ## - CATALOGING SOURCE
Original cataloging agency FISKH
Language of cataloging Chi
Transcribing agency FISKH
Modifying agency FISKH
050 ## - LIBRARY OF CONGRESS CALL NUMBER
Classification number PZ7
082 ## - DEWEY DECIMAL CLASSIFICATION NUMBER
Classification number 590
100 ## - MAIN ENTRY--PERSONAL NAME
Personal name Quentricusegarten, Lauranne
245 ## - TITLE STATEMENT
Title Farm adventure /
260 ## - PUBLICATION, DISTRIBUTION, ETC.
Place of publication, distribution, etc. Wien :
Name of publisher, distributor, etc. Dolphin Book,
Date of publication, distribution, etc. 2013
300 ## - PHYSICAL DESCRIPTION
Extent 24 unnumbered pages :
Other physical details color illustrations ;
Dimensions 29 cm
520 ## - SUMMARY, ETC.
Summary, etc. A boy need an egg to make a birthday cake. So, he asked the farmer to give him egg. All animals in the farm love the farmer and a boy. They all are good friends. They make a cake for grandma together.
650 ## - SUBJECT ADDED ENTRY--TOPICAL TERM
Topical term or geographic name entry element Farm
Form subdivision Animals
700 ## - ADDED ENTRY--PERSONAL NAME
Personal name Durr, Gisela
Relator term Illustrator
942 ## - ADDED ENTRY ELEMENTS (KOHA)
Source of classification or shelving scheme Dewey Decimal Classification
Koha item type Chinese Book
Suppress in OPAC No
Holdings
Withdrawn status Lost status Source of classification or shelving scheme Damaged status Not for loan Collection Home library Current library Shelving location Date acquired Total Checkouts Full call number Barcode Date last seen Price effective from Koha item type
    Dewey Decimal Classification     Juvenile Fiction Footprints International School Library Network Toul Kork Campus Footprints International School Library Network Toul Kork Campus Chinese TK Campus Book Shelve 12/06/2024   QUE 790 PZ7 2024-2416 12/06/2024 12/06/2024 Chinese Book